00000000nam##2200000za#4500
0019.581096
003CaOODSP
00520210624191344
007cr |||||||||||
008150406|2003||||xxc|||||o    f|0| 0 eng|d
040 |aCaOODSP|beng
043 |an-cn---
0861 |aNH18-22/103-123E-PDF
1102 |aCanada Mortgage and Housing Corporation.
24510|aIntegrated community solutions : |h[electronic resource]|bRegina's affordable, sustainable housing design charrette
250 |aRevised 2006
260 |aOttawa - Ontario : |bCanada Mortgage and Housing Corporation |cc2003, 2006.
300 |a4p.|billus. (some coloured)
4901 |aResearch highlight. Technical series|v03-123
500 |aFile reproduced from original print.
590 |a14-19-Supp|b2014-11-03
77508|tSolutions pour une collectivité intégrée : |w(CaOODSP)9.607956
7760#|tIntegrated community solutions : |w(CaOODSP)9.616719
830#0|aResearch highlight. Technical series ;|v03-123|w(CaOODSP)9.504482
85640|ahttp://publications.gc.ca|qPDF|s470 KB|uhttps://publications.gc.ca/collections/collection_2014/schl-cmhc/NH18-22-103-123-eng.pdf|y03-123